| 000 | 00466nam a2200145 a 4500 | ||
|---|---|---|---|
| 001 | 000045816 | ||
| 005 | 20201002052448.0 | ||
| 008 | 150515s200u dr 000 0 spa d | ||
| 040 |
_aDO-SdBNP _bspa _cBNPHU |
||
| 100 | 1 |
_aRamírez, Reina Lissette _973895 |
|
| 245 | 1 | 0 |
_aFiesta de la manada. / _cReina Lissette Ramírez. |
| 260 |
_a[Santo Domingo], : _b[s.d.], _c[200-]. |
||
| 300 |
_a72 p. ; _c22 cm. |
||
| 590 | _aPerteneció a la biblioteca personal de Erick Landestoy | ||
| 999 |
_c45305 _d45305 |
||